000 00351nam a22001457a 4500
003 OSt
008 240129b2006 |||||||| |||| 00| 0 eng d
020 _a8187890045
082 _a364.13230954
_bBES-
245 _aThe Best of tehelka two /
260 _aNew Delhi :
_bBuffalo Books ,
_c2006.
300 _a415 p. ;
650 _aIndia
942 _2ddc
_cBK
999 _c20225
_d20225